Proyecto de una Bibliografía Cidiana. (Record no. 123104)

MARC details
000 -LEADER
campo de control de longitud fija 00434nam a2200157 4500
001 - NÚMERO DE CONTROL
campo de control 123104
003 - IDENTIFICADOR DE NÚMERO DE CONTROL
campo de control ES-MaACL
005 - FECHA Y HORA DE LA ÚLTIMA TRANSACCIÓN
campo de control 20230906192119.0
007 - CAMPO FIJO DE DESCRIPCIÓN FÍSICA--INFORMACIÓN GENERAL
campo de control de longitud fija t|
008 - DATOS DE LONGITUD FIJA--INFORMACIÓN GENERAL
campo de control de longitud fija 070214s1952 sp r ||||0| spa d
245 00 - MENCIÓN DEL TÍTULO
Título Proyecto de una Bibliografía Cidiana.
260 ## - PUBLICACIÓN, DISTRIBUCIÓN, ETC.
Lugar de publicación, distribución, etc. Burgos :
Nombre del editor, distribuidor, etc. Abadía de Cardeña,
Fecha de publicación, distribución, etc. 1952.
300 ## - DESCRIPCIÓN FÍSICA
Extensión 22 p ;
Dimensiones 19 cm.
700 1# - ENTRADA AGREGADA--NOMBRE PERSONAL
Nombre de persona Abadía de Cardeña (Burgos)
9 (RLIN) 17949
852 ## - LOCALIZACIÓN
Ubicación ES-MaACL
Número de control de estantería 2027-F-9
Sublocalización o colección R.33283
Holdings
Estatus retirado Estado de pérdida Estado de daño No para préstamo Colección Biblioteca de origen Biblioteca actual Ubicación en estantería Fecha de adquisición Fuente de adquisición Total de préstamos Signatura topográfica completa Código de barras Visto por última vez Precio de reemplazo Tipo de ítem Koha
        Colección de folletos Biblioteca del Ateneo de Madrid Biblioteca del Ateneo de Madrid Depósito folletos 17/01/2008     2027-F-9 1128275 23/02/2023 23/02/2023 Folleto